Business Policy of Non Profit Organizations: (Record no. 527526)
[ view plain ]
| 000 -LEADER | |
|---|---|
| fixed length control field | 00682nam a22002057a 4500 |
| 003 - CONTROL NUMBER IDENTIFIER | |
| control field | NUST |
| 005 - DATE AND TIME OF LATEST TRANSACTION | |
| control field | 20230302123119.0 |
| 008 - FIXED-LENGTH DATA ELEMENTS--GENERAL INFORMATION | |
| fixed length control field | 190730b ||||| |||| 00| 0 eng d |
| 038 ## - RECORD CONTENT LICENSOR | |
| Staff Name | Mr. Noman |
| 082 ## - DEWEY DECIMAL CLASSIFICATION NUMBER | |
| Classification number | 658 |
| 100 ## - MAIN ENTRY--PERSONAL NAME | |
| Personal name | Ahmed, Zainab Cheema |
| 9 (RLIN) | 18835 |
| 245 ## - TITLE STATEMENT | |
| Title | Business Policy of Non Profit Organizations: |
| Remainder of title | Case of Akhuwat; Empowering Empowering Society through Interest Free Loans |
| Statement of responsibility, etc. | Zainab Ahmed Cheema. |
| 260 ## - PUBLICATION, DISTRIBUTION, ETC. | |
| Place of publication, distribution, etc. | Islamabad: |
| Name of publisher, distributor, etc. | NBS - NUST, |
| Date of publication, distribution, etc. | 2016. |
| 300 ## - PHYSICAL DESCRIPTION | |
| Extent | 53 p.: ill.; |
| Dimensions | 30cm. |
| 500 ## - GENERAL NOTE | |
| General note | Hardcover. |
| 650 ## - SUBJECT ADDED ENTRY--TOPICAL TERM | |
| Topical term or geographic name entry element | MBA Thesis. |
| 9 (RLIN) | 17629 |
| 700 ## - ADDED ENTRY--PERSONAL NAME | |
| Personal name | Abid Khawaja. |
| 9 (RLIN) | 18836 |
| 856 ## - ELECTRONIC LOCATION AND ACCESS | |
| Uniform Resource Identifier | <a href="http://10.250.8.41:8080/xmlui/handle/123456789/20016">http://10.250.8.41:8080/xmlui/handle/123456789/20016</a> |
| 942 ## - ADDED ENTRY ELEMENTS (KOHA) | |
| Source of classification or shelving scheme | |
| Koha item type | Thesis |
| Withdrawn status | Lost status | Source of classification or shelving scheme | Damaged status | Not for loan | Permanent Location | Current Location | Shelving location | Date acquired | Full call number | Barcode | Date last seen | Price effective from | Koha item type |
|---|---|---|---|---|---|---|---|---|---|---|---|---|---|
| Central Library (CL) | Central Library (CL) | Thesis | 07/30/2019 | 658 | CL-T-2815 | 08/02/2019 | 07/30/2019 | Thesis |
